[Event "Ì17Ï"]
[Site "Loo"]
[Date "2017.04.25"]
[Round "6.3"]
[White "Øåìÿêèí, Âàëåðèé."]
[Black "Ëåâåíøòåéí, Ìàðê."]
[Result "1-0"]
[WhiteElo "2039"]
[BlackElo "2161"]
[PlyCount "49"]
[EventDate "2017.04.20"]

1. e4 c5 2. Nf3 d6 3. d4 cxd4 4. Nxd4 Nf6 5. Nc3 g6 6. Be3 Bg7 7. f3 Nc6 8. Qd2
Qa5 9. Nb3 Qc7 10. O-O-O O-O 11. Bh6 a6 12. h4 Ne5 13. Nd5 Nxd5 14. exd5 Bxh6
15. Qxh6 e6 16. h5 exd5 17. hxg6 fxg6 18. Rxd5 Bf5 19. Nd4 Rad8 20. Be2 Rf7 21.
Nxf5 Rxf5 22. f4 Qf7 23. fxe5 Qxd5 24. Qxh7+ Kf8 25. Qc7 1-0

[Event "Ì17Ï"]
[Site "Loo"]
[Date "2017.04.25"]
[Round "6.4"]
[White "ßøìåòîâ, Íèêîëàé."]
[Black "Ìîðîçîâ, Âàëåðèé."]
[Result "1-0"]
[WhiteElo "2152"]
[BlackElo "1836"]
[PlyCount "59"]
[EventDate "2017.04.20"]

1. Nf3 d6 2. d4 f5 3. b3 Nf6 4. Bb2 g6 5. c4 Bg7 6. g3 O-O 7. Bg2 e6 8. O-O Qe7
9. Nbd2 Nc6 10. Ne1 e5 11. Bxc6 bxc6 12. dxe5 dxe5 13. Qc2 Bd7 14. Ng2 Nh5 15.
e3 f4 16. exf4 exf4 17. Rae1 Qf7 18. Ba3 Rfe8 19. Bc5 Bh3 20. Rxe8+ Rxe8 21.
Nf3 Bf5 22. Qd2 Bg4 23. Nd4 Rd8 24. f3 fxg3 25. Qe3 gxh2+ 26. Kxh2 Re8 27. fxg4
Be5+ 28. Kg1 Qd7 29. gxh5 Bxd4 30. Qxd4 1-0

[Event "Ì17Ï"]
[Site "Loo"]
[Date "2017.04.25"]
[Round "6.5"]
[White "Çàáîëîòíîâ, Åâãåíèé."]
[Black "Àïïàíîâ, Àðòåì."]
[Result "1/2-1/2"]
[WhiteElo "2087"]
[BlackElo "1992"]
[PlyCount "76"]
[EventDate "2017.04.20"]

1. d4 d5 2. c4 c6 3. Nc3 dxc4 4. e4 b5 5. a4 b4 6. Nb1 Nf6 7. e5 Nd5 8. Bxc4 e6
9. Nf3 Be7 10. O-O O-O 11. Nbd2 Bb7 12. Ne4 Nd7 13. Bg5 Bxg5 14. Nfxg5 c5 15.
Nxh7 Re8 16. Nd6 Re7 17. Nxb7 Qc7 18. Bxd5 exd5 19. Nxc5 Kxh7 20. Nxd7 Qxd7 21.
Rc1 Rc8 22. Rxc8 Qxc8 23. Qb3 Qb7 24. Rc1 Rc7 25. Rxc7 Qxc7 26. g3 Qc1+ 27. Kg2
Qd2 28. Qxd5 Qxb2 29. Qxf7 Qxd4 30. Qf5+ g6 31. Qf7+ Kh6 32. h4 Qe4+ 33. Kh2
Qf5 34. Qa2 b3 35. Qxb3 Qxf2+ 36. Kh1 Qf1+ 37. Kh2 Qf2+ 38. Kh3 Qf1+ 1/2-1/2

[Event "Ì17Ï"]
[Site "Loo"]
[Date "2017.04.25"]
[Round "6.6"]
[White "Êûðíàåâ, Àëåêñåé."]
[Black "Ìàð÷åíêî, Íèêîëàé."]
[Result "1-0"]
[WhiteElo "2048"]
[BlackElo "1862"]
[PlyCount "65"]
[EventDate "2017.04.20"]

1. e4 d6 2. d4 Nf6 3. Nc3 e5 4. Nge2 Nbd7 5. g3 Be7 6. Bg2 O-O 7. O-O c6 8. a4
a5 9. h3 Re8 10. Be3 Bf8 11. Re1 Qc7 12. f4 exd4 13. Bxd4 Be7 14. g4 Nc5 15.
Kh1 d5 16. Bxf6 Bxf6 17. exd5 Bd7 18. Qd2 Rad8 19. d6 Qb6 20. g5 Bxc3 21. bxc3
Ne4 22. Bxe4 Rxe4 23. Ng3 Rxe1+ 24. Rxe1 Be6 25. f5 Bd5+ 26. Kh2 Qc5 27. c4
Bxc4 28. d7 Qf8 29. Ne4 Bd5 30. c4 Bxc4 31. Qd6 Bd5 32. Qxf8+ Kxf8 33. Nd6 1-0

[Event "Ì17Ï"]
[Site "Loo"]
[Date "2017.04.25"]
[Round "6.7"]
[White "Íîâèêîâ, Ñåðãåé."]
[Black "Òÿòþøêèí, Äàíèë."]
[Result "1/2-1/2"]
[WhiteElo "2036"]
[BlackElo "1985"]
[PlyCount "80"]
[EventDate "2017.04.20"]

1. d4 d5 2. c4 e6 3. Nf3 Nf6 4. g3 b6 5. Bg2 Bb7 6. O-O Nbd7 7. Nc3 dxc4 8. Qa4
Be7 9. Qxc4 O-O 10. Rd1 Nd5 11. Ne5 Nxc3 12. Bxb7 Nxe5 13. Qxc3 Rb8 14. Bg2 Ng6
15. e4 c5 16. Be3 Qc8 17. dxc5 Bxc5 18. Bxc5 Qxc5 19. Qxc5 bxc5 20. b3 Rfd8 21.
Rdc1 Rbc8 22. Rc2 Ne5 23. f4 Nd3 24. Rd1 Nb4 25. Rxd8+ Rxd8 26. Rxc5 Nxa2 27.
Ra5 Nc1 28. Rxa7 Nxb3 29. Ra2 g6 30. Kf2 Rd2+ 31. Rxd2 Nxd2 32. Ke3 Nb3 33. e5
Kf8 34. Bf1 Ke7 35. Bc4 Na5 36. Bb5 Nb3 37. Bc4 Na5 38. Bb5 Nb3 39. Bc4 Na5 40.
Bb5 Nb3 1/2-1/2

[Event "Ì17Ï"]
[Site "Loo"]
[Date "2017.04.25"]
[Round "6.8"]
[White "Òðåòüÿêîâ, Ñòåïàí."]
[Black "Êûøòûìîâ, Äàíèèë."]
[Result "0-1"]
[WhiteElo "1995"]
[BlackElo "2082"]
[PlyCount "86"]
[EventDate "2017.04.20"]

1. d4 Nf6 2. c4 e6 3. Nf3 d5 4. Nc3 Be7 5. Bg5 O-O 6. e3 a6 7. cxd5 exd5 8. Bd3
c6 9. Qc2 Nbd7 10. O-O Re8 11. Rab1 Nf8 12. b4 Ne4 13. Bxe7 Qxe7 14. Bxe4 dxe4
15. Nd2 Bf5 16. Na4 Qg5 17. Kh1 Re6 18. Rg1 Rh6 19. Nf1 Ne6 20. Rd1 Bg4 21. Rd2
Qg6 22. f3 exf3 23. Qxg6 Rxg6 24. Ng3 Ng5 25. Rc1 h5 26. h4 fxg2+ 27. Kxg2 Nf3
28. Rf2 Nxh4+ 29. Kh2 Re8 30. Rc3 Nf3+ 31. Kh1 h4 32. Ne2 Rge6 33. Nc5 Rxe3 34.
Rxe3 Rxe3 35. Nxb7 Ng5 36. Nf4 Ne4 37. Rb2 g5 38. Ng2 Rd3 39. Na5 h3 40. Ne1
Rd1 41. Kh2 Rxe1 42. Nxc6 Bf3 43. Ne7+ Kf8 0-1

[Event "Ì17Ï"]
[Site "Loo"]
[Date "2017.04.25"]
[Round "6.9"]
[White "Îâñÿíþê, Äìèòðèé."]
[Black "Ìîñêâèí, Àíàòîëèé."]
[Result "1-0"]
[WhiteElo "2095"]
[BlackElo "1952"]
[PlyCount "46"]
[EventDate "2017.04.20"]

1. e4 e5 2. Nf3 Nc6 3. d4 exd4 4. Bc4 Nf6 5. e5 d5 6. Bb5 Ne4 7. Nxd4 Bd7 8.
Bxc6 bxc6 9. O-O Bc5 10. f3 Ng5 11. Be3 Ne6 12. c3 f6 13. f4 Bxd4 14. cxd4 f5
15. Nd2 O-O 16. Rc1 Rb8 17. Nb3 Rb5 18. Bd2 Qb8 19. Ba5 Qb7 20. Qd2 Rd8 21. Rc2
Qa6 22. g4 Rf8 23. Bb4 Rf7 {äàëåå çàïèñü íåðàçáîð~~èâà} 1-0

[Event "Ì17Ï"]
[Site "Loo"]
[Date "2017.04.25"]
[Round "6.10"]
[White "Ðîâíîâ, Âëàäèñëàâ."]
[Black "Øèðøîâ, Íèêîëàé."]
[Result "1-0"]
[WhiteElo "2039"]
[BlackElo "1931"]
[PlyCount "63"]
[EventDate "2017.04.20"]

1. e4 c5 2. Nf3 g6 3. d4 cxd4 4. Nxd4 Bg7 5. Nc3 Nc6 6. Nb3 Nf6 7. Be2 O-O 8.
O-O d6 9. Re1 b6 10. Bf1 Bb7 11. Bg5 Nd7 12. Qd2 Re8 13. Rad1 a5 14. Bb5 Nc5
15. Nd5 a4 16. Nxc5 bxc5 17. e5 Bxe5 18. c3 h6 19. Bxh6 Qa5 20. Bd3 Ba6 21. Be4
Ra7 22. f4 Bg7 23. f5 Ne5 24. fxg6 fxg6 25. Qg5 Bxh6 26. Qxh6 Kf7 27. Rf1+ Bxf1
28. Rxf1+ Ke6 29. Qh3+ Ng4 30. Qxg4+ Ke5 31. Rf5+ gxf5 32. Qxf5# 1-0

[Event "Ì17Ï"]
[Site "Loo"]
[Date "2017.04.25"]
[Round "6.11"]
[White "Íîâèêîâ, Êèðèëë."]
[Black "ßðîñëàâöåâ, Àðòåì."]
[Result "1-0"]
[WhiteElo "1763"]
[BlackElo "2022"]
[PlyCount "117"]
[EventDate "2017.04.20"]

1. e4 e5 2. Nf3 Nc6 3. Bb5 a6 4. Ba4 Nf6 5. O-O Be7 6. Re1 b5 7. Bb3 O-O 8. c3
d5 9. exd5 Nxd5 10. Nxe5 Nxe5 11. Rxe5 c6 12. d4 Bd6 13. Re1 Qh4 14. g3 Qh3 15.
Qd3 Bf5 16. Qf1 Qh5 17. Bd2 Rae8 18. Na3 Bh3 19. Bd1 Bxf1 20. Bxh5 Bxa3 21.
bxa3 Bc4 22. Bf3 Rxe1+ 23. Bxe1 Re8 24. Bd2 f6 25. a4 bxa4 26. Bd1 a3 27. Kg2
Rb8 28. Ba4 Rb2 29. Bc1 Nxc3 30. Bxc6 Bxa2 31. Bd7 Kf8 32. Bf5 g6 33. Bd3 Bd5+
34. Kf1 Rb3 35. Bxa3+ Kf7 36. Bxa6 Nb5 37. Bc5 Bc4+ 38. Kg1 Bd5 39. Kf1 Nc7 40.
Be2 Nb5 41. Ke1 Ke6 42. Ra6+ Kf7 43. Bd1 Rb1 44. Kd2 Rb2+ 45. Ke3 f5 46. Rb6
Nc3 47. Bf3 Bxf3 48. Rxb2 Nd1+ 49. Kxf3 Nxb2 50. d5 Nd3 51. Bd6 Kf6 52. Ke3 Ne5
53. Kd4 Ng4 54. f3 Nxh2 55. Ke3 g5 56. g4 Nf1+ 57. Ke2 Nh2 58. Bxh2 f4 59. Kd3
1-0

[Event "Ì17Ï"]
[Site "Loo"]
[Date "2017.04.25"]
[Round "6.12"]
[White "Ïåòðåíêî, Êèðèëë."]
[Black "Âåòîõèí, Èëüÿ."]
[Result "1/2-1/2"]
[WhiteElo "1999"]
[BlackElo "1913"]
[PlyCount "80"]
[EventDate "2017.04.20"]

1. d4 Nf6 2. c4 g6 3. g3 Bg7 4. Bg2 O-O 5. Nc3 d6 6. Nf3 c5 7. d5 e6 8. O-O
exd5 9. cxd5 Na6 10. h3 Nc7 11. e4 Re8 12. Re1 Rb8 13. a4 b6 14. Qc2 Nd7 15.
Bf4 Qe7 16. Rad1 f6 17. Rb1 Ne5 18. Nd2 Ba6 19. Bxe5 fxe5 20. b4 Rf8 21. b5 Bc8
22. Nc4 Bd7 23. Nd1 Rf7 24. Re2 Rbf8 25. Nde3 h5 26. h4 Kh7 27. Rb2 Bf6 28. Rd2
Bg7 29. Qd1 Bh6 30. Rdc2 Rd8 31. Kh2 Rdf8 32. Kg1 Rd8 33. Kh2 Rdf8 34. Kg1 Rd8
35. Kh2 Rdf8 36. Kg1 Rd8 37. Kh2 Rdf8 38. Kg1 Rd8 39. Kh2 Rdf8 40. Kg1 Rd8
1/2-1/2

[Event "Ì17Ï"]
[Site "Loo"]
[Date "2017.04.25"]
[Round "6.13"]
[White "Çàõàðîâ, Íèêèòà."]
[Black "Çàâüÿëîâ, Íèêèòà."]
[Result "1-0"]
[WhiteElo "1980"]
[BlackElo "1908"]
[PlyCount "57"]
[EventDate "2017.04.20"]

1. d4 d5 2. Bg5 h6 3. Bh4 Nf6 4. e3 e6 5. Nf3 Be7 6. Bd3 O-O 7. Nbd2 b6 8. Qe2
Bb7 9. O-O-O c5 10. c3 a5 11. Ne5 Qc7 12. Bxf6 Bxf6 13. f4 Ba6 14. Ndf3 Bxd3
15. Qxd3 Nd7 16. Nxd7 Qxd7 17. g4 g6 18. h4 Bg7 19. h5 Qe8 20. Rdg1 cxd4 21.
cxd4 gxh5 22. g5 hxg5 23. Rxg5 f5 24. Ne5 Qa4 25. Qe2 Ra7 26. b3 Rc8+ 27. Kb1
Qe8 28. Qg2 a4 29. Rgxh5 1-0

[Event "Ì17Ï"]
[Site "Loo"]
[Date "2017.04.25"]
[Round "6.14"]
[White "Êàðåëîâ, Ïàâåë."]
[Black "ßíãóòîâ, Àëåêñåé."]
[Result "0-1"]
[WhiteElo "1969"]
[BlackElo "1883"]
[PlyCount "82"]
[EventDate "2017.04.20"]

1. c4 Nf6 2. Nc3 g6 3. g3 Bg7 4. Bg2 O-O 5. d4 d6 6. e3 Nbd7 7. Nge2 Re8 8. O-O
e5 9. b3 e4 10. Qc2 Qe7 11. Nf4 c6 12. Bb2 g5 13. Nfe2 Nf8 14. h3 Bf5 15. g4
Bg6 16. Ng3 Rad8 17. Qd2 d5 18. cxd5 cxd5 19. a4 h5 20. gxh5 Nxh5 21. Nb5 a6
22. Ba3 Qd7 23. Nd6 Re6 24. Nxh5 Bxh5 25. Nf5 Bf3 26. Kh2 Rf6 27. Bxf3 exf3 28.
Be7 Qxf5 29. Bxf6 Bxf6 30. Rg1 Be7 31. Rg4 Qh7 32. e4 dxe4 33. Rh1 Ne6 34. Kg1
Nxd4 35. Kf1 Ne2 36. Qc2 e3 37. Qxh7+ Kxh7 38. Ke1 Nc3 39. fxe3 Rd1+ 40. Kf2
Rxh1 41. Rc4 Nd5 0-1

[Event "Ì17Ï"]
[Site "Loo"]
[Date "2017.04.25"]
[Round "6.15"]
[White "Ñåòþêîâ, Ðàäåëü."]
[Black "Ðîãîöêèé, Þðèé."]
[Result "1/2-1/2"]
[WhiteElo "1916"]
[BlackElo "1960"]
[PlyCount "82"]
[EventDate "2017.04.20"]

1. d4 b6 2. c4 e6 3. Nf3 Bb7 4. g3 Nf6 5. Bg2 Bb4+ 6. Bd2 Be7 7. O-O O-O 8. Nc3
c5 9. Bf4 d6 10. dxc5 bxc5 11. Nb5 Ne8 12. Qd3 Nc6 13. e4 e5 14. Be3 Nd4 15. b4
f5 16. Nfxd4 cxd4 17. Bd2 a6 18. Na3 fxe4 19. Bxe4 Bxe4 20. Qxe4 Nf6 21. Qd3 d5
22. f4 dxc4 23. Qxc4+ Kh8 24. fxe5 Ne4 25. Rxf8+ Qxf8 26. Rf1 Qd8 27. Qd3 Qd5
28. Nc2 Nxd2 29. Qxd2 d3 30. Ne3 Qd4 31. Rf4 Qxe5 32. Qxd3 Qa1+ 33. Rf1 Qxa2
34. Nd5 Bd6 35. Nf6 gxf6 36. Qxd6 Qf7 37. Rxf6 Qg7 38. Rf1 Qa7+ 39. Kg2 Qb7+
40. Kg1 Qa7+ 41. Kg2 Qb7+ 1/2-1/2

[Event "Ì17Ï"]
[Site "Loo"]
[Date "2017.04.25"]
[Round "6.16"]
[White "Ñèâÿêîâ, Ãåîðãèé."]
[Black "Ëåâäàíñêèé, Àëåêñåé."]
[Result "1/2-1/2"]
[WhiteElo "1959"]
[BlackElo "1859"]
[PlyCount "82"]
[EventDate "2017.04.20"]

1. e4 c5 2. Nf3 Nc6 3. d4 cxd4 4. Nxd4 g6 5. c4 Nf6 6. Nc3 Nxd4 7. Qxd4 d6 8.
Be2 Bg7 9. O-O O-O 10. Bg5 Be6 11. Qd2 a5 12. f4 Qc7 13. b3 a4 14. f5 Bd7 15.
Kh1 axb3 16. Bxf6 Bxf6 17. Nd5 Qc5 18. Nxf6+ exf6 19. fxg6 hxg6 20. axb3 Rxa1
21. Rxa1 Bc6 22. Rd1 Bxe4 23. Qxd6 Qf2 24. Bf1 Bc2 25. Qd2 Qxd2 26. Rxd2 Bxb3
27. Rb2 Bd1 28. Rxb7 Re8 29. Kg1 Be2 30. Rb2 Bxf1 31. Kxf1 Rc8 32. Rc2 Kf8 33.
Ke2 Ke7 34. Kd3 Kd6 35. Kd4 Ra8 36. Rf2 f5 37. g4 fxg4 38. Rxf7 Ra2 39. Rf6+
Kc7 40. Rxg6 Rxh2 41. Rxg4 Rh6 1/2-1/2

[Event "Ì17Ï"]
[Site "Loo"]
[Date "2017.04.25"]
[Round "6.17"]
[White "Äàâèäåíêî, Äìèòðèé."]
[Black "Ñîêîëîâ, Íèêèòà."]
[Result "1-0"]
[WhiteElo "1839"]
[BlackElo "2049"]
[PlyCount "78"]
[EventDate "2017.04.20"]

1. e4 c5 2. Nf3 d6 3. d4 cxd4 4. Nxd4 Nf6 5. Nc3 a6 6. Nb3 e5 7. Bg5 Be6 8.
Bxf6 Qxf6 9. Nd5 Qd8 10. Qd3 Nd7 11. O-O-O Nf6 12. g3 Nxd5 13. exd5 Bg4 14. Be2
Bxe2 15. Qxe2 Be7 16. f4 Bf6 17. g4 g6 18. g5 Bg7 19. Qg4 Qd7 20. Qf3 Qf5 21.
Rde1 h6 22. Nd4 Qd7 23. fxe5 Bxe5 24. Qf6 Rh7 25. Nf3 Qe7 26. Nxe5 Qxf6 27.
Ng4+ Qe5 28. Nf6+ Ke7 29. Nxh7 Rh8 30. Nf6 hxg5 31. Ng4 Qxe1+ 32. Rxe1+ Kf8 33.
Re2 f5 34. Ne3 f4 35. Nc4 f3 36. Rf2 g4 37. Kd2 Kg7 38. Ke3 b5 39. Nxd6 Rd8 {
äàëåå çàïèñü íåðàçáîð~~èâà} 1-0

[Event "Ì17Ï"]
[Site "Loo"]
[Date "2017.04.25"]
[Round "6.18"]
[White "Èäèãîâ, Àáóáàêàð."]
[Black "Ìîèñååâ, Äàíèëà."]
[Result "1/2-1/2"]
[WhiteElo "1833"]
[BlackElo "2037"]
[PlyCount "45"]
[EventDate "2017.04.20"]

1. d4 Nf6 2. c4 c5 3. e3 g6 4. Nf3 Bg7 5. Nc3 cxd4 6. Nxd4 Nc6 7. Be2 O-O 8.
O-O d6 9. b3 Nxd4 10. exd4 d5 11. Bb2 b6 12. Rc1 Bb7 13. Bf3 Rc8 14. Qd2 Qd7
15. Ne2 dxc4 16. Bxb7 Qxb7 17. bxc4 Qa6 18. Qb4 Qxa2 19. Rc2 Qa6 20. Ra1 Qb7
21. Qb3 e6 22. Qa4 Rc7 23. Nc3 {äàëåå çàïèñü íåðàçáîð~~èâà} 1/2-1/2

[Event "Ì17Ï"]
[Site "Loo"]
[Date "2017.04.25"]
[Round "6.19"]
[White "Íàòàðîâ, Èëüÿ."]
[Black "Áóðõàíîâ, Âàñèëèé."]
[Result "1/2-1/2"]
[WhiteElo "1829"]
[BlackElo "2026"]
[PlyCount "66"]
[EventDate "2017.04.20"]

1. d4 d5 2. c4 c6 3. Nc3 Nf6 4. e3 Bf5 5. cxd5 cxd5 6. Qb3 Qd7 7. Nf3 e6 8. Bb5
Nc6 9. Ne5 Qc7 10. Qa4 Rc8 11. Qxa7 Bb4 12. Bd2 Nd7 13. Bxc6 bxc6 14. Qxc7 Rxc7
15. Nxd7 Kxd7 16. a3 Bxc3 17. Bxc3 Rb8 18. b4 Bd3 19. Kd2 Bc4 20. a4 Ra8 21. g4
Rca7 22. a5 Bb5 23. h4 Ke7 24. g5 Rg8 25. Rag1 Raa8 26. h5 Rh8 27. Rh3 Rag8 28.
f3 h6 29. g6 f6 30. Rhg3 Rc8 31. Rh3 Rcg8 32. Rhg3 Rc8 33. Rh3 Rcg8 1/2-1/2

[Event "Ì17Ï"]
[Site "Loo"]
[Date "2017.04.25"]
[Round "6.20"]
[White "Àéðàïåòÿí, Îãàíåñ."]
[Black "Íóðèñòàíè, Èìàí."]
[Result "0-1"]
[WhiteElo "1825"]
[BlackElo "1998"]
[PlyCount "70"]
[EventDate "2017.04.20"]

1. e4 e6 2. d4 d5 3. exd5 exd5 4. Bd3 Bd6 5. Ne2 Nc6 6. c3 Qh4 7. Ng3 Nge7 8.
Nd2 Bg4 9. Nf3 Qf6 10. O-O h5 11. Bg5 Qxg5 12. Nxg5 Bxd1 13. Raxd1 f6 14. Nf3
Kf7 15. Nf5 Nxf5 16. Bxf5 g6 17. Bd7 Rad8 18. Bxc6 bxc6 19. Rfe1 g5 20. Re2 a5
21. Rde1 h4 22. h3 a4 23. Nd2 Rhg8 24. c4 g4 25. c5 Bf4 26. Kf1 Rg5 27. Nb1
gxh3 28. gxh3 Rb8 29. Rd1 Bh2 30. Red2 Re8 31. f3 Bf4 32. Rf2 Rg3 33. Nc3 Rxh3
34. Rd3 Rh1+ 35. Kg2 Ree1 0-1

[Event "Ì17Ï"]
[Site "Loo"]
[Date "2017.04.25"]
[Round "6.21"]
[White "Ïåòðîâñêèé, Àíäðåé."]
[Black "Íàêîíå÷íûé, Èãíàò."]
[Result "1-0"]
[WhiteElo "1780"]
[BlackElo "1977"]
[PlyCount "61"]
[EventDate "2017.04.20"]

1. e4 c6 2. d4 g6 3. Bd3 Bg7 4. Ne2 d6 5. O-O Nd7 6. f4 Ngf6 7. Nd2 O-O 8. Nf3
e5 9. c3 Qe7 10. Ng3 Ne8 11. f5 Nc7 12. Bg5 f6 13. Qb3+ d5 14. Bd2 g5 15. Rac1
g4 16. Nh4 Qf7 17. Be2 exd4 18. cxd4 h5 19. Ng6 Re8 20. Nxh5 Rxe4 21. Bd3 Rxd4
22. Be3 Rxd3 23. Qxd3 Nb5 24. Qe2 Ne5 25. Nxe5 Qxh5 26. Nxg4 Qe8 27. Qd3 Qh5
28. Qd1 Kh8 29. Rf3 Qxg4 30. Rh3+ Qxh3 31. gxh3 {äàëåå çàïèñü íåðàçáîð~~èâà}
1-0

[Event "Ì17Ï"]
[Site "Loo"]
[Date "2017.04.25"]
[Round "6.22"]
[White "Ñàòäàðîâ, Ìèõàèë."]
[Black "Óñàíèí, Ìèõàèë."]
[Result "0-1"]
[WhiteElo "1496"]
[BlackElo "1907"]
[PlyCount "42"]
[EventDate "2017.04.20"]

1. e4 e5 2. Nf3 Nc6 3. Nc3 Nf6 4. Bb5 Bd6 5. O-O O-O 6. d3 h6 7. Be3 Ng4 8. Bd2
Ne7 9. h3 Nf6 10. Re1 c6 11. Ba4 Bc7 12. d4 exd4 13. Nxd4 Ng6 14. Bb3 Re8 15.
a3 Ba5 16. Nf5 d5 17. Ng3 d4 18. Na4 Bc7 19. Qb1 Bxg3 20. fxg3 Nxe4 21. c3 Nxd2
0-1

[Event "Ì17Ï"]
[Site "Loo"]
[Date "2017.04.25"]
[Round "6.23"]
[White "Íèêèòèí, Ãåîðãèé."]
[Black "Öóðöóìèÿ, Ðóñëàí."]
[Result "0-1"]
[WhiteElo "1847"]
[BlackElo "1548"]
[PlyCount "63"]
[EventDate "2017.04.20"]

1. d4 Nf6 2. c4 c5 3. d5 b5 4. cxb5 a6 5. bxa6 Bxa6 6. Nc3 g6 7. e4 Bxf1 8.
Kxf1 d6 9. Nf3 Bg7 10. g3 Nbd7 11. Kg2 O-O 12. Qe2 Qb6 13. Rb1 Rfb8 14. b3 Qa6
15. Qxa6 Rxa6 16. Bb2 Ne8 17. Ra1 c4 18. Nd2 cxb3 19. axb3 Rxa1 20. Rxa1 Nc5
21. Ra3 Nd3 22. Ra7 Nxb2 23. Na4 Nxa4 24. bxa4 Bd4 25. Rxe7 Kf8 26. Rd7 Rb2 27.
Nc4 Rxf2+ 28. Kh3 Ra2 29. a5 Bg1 30. e5 dxe5 31. d6 Rxh2+ 32. Kg4 0-1

[Event "Ì17Ï"]
[Site "Loo"]
[Date "2017.04.25"]
[Round "6.24"]
[White "Êîëèåâ, Èðëàí."]
[Black "Æàôÿðîâ, Àäåëü."]
[Result "0-1"]
[WhiteElo "1739"]
[BlackElo "2111"]
[PlyCount "74"]
[EventDate "2017.04.20"]

1. d4 d5 2. c4 e6 3. Nc3 Be7 4. Nf3 Nf6 5. cxd5 exd5 6. Bg5 O-O 7. e3 c6 8. Bd3
Nbd7 9. Qc2 Re8 10. O-O Nf8 11. Bxf6 Bxf6 12. b4 Bg4 13. Nd2 Rc8 14. Rfc1 Qd6
15. Qb3 Bg5 16. Nf1 Be6 17. Ng3 g6 18. Na4 b6 19. Rc2 h5 20. Rac1 h4 21. Nf1 h3
22. g3 Bd7 23. b5 Qe6 24. Nc3 Nh7 25. f4 Bh6 26. e4 dxe4 27. Qxe6 Bxe6 28. Nxe4
cxb5 29. Rxc8 Rxc8 30. Rxc8+ Bxc8 31. Bxb5 Be6 32. Ne3 Bxa2 33. d5 Kf8 34. Bd7
Bg7 35. d6 Bd4 36. Kf2 f5 37. Nd2 Nf6 0-1

[Event "Ì17Ï"]
[Site "Loo"]
[Date "2017.04.25"]
[Round "6.25"]
[White "Çèñèí, Îëåã."]
[Black "Êîëõèäîâ, Àçàìàò."]
[Result "1-0"]
[WhiteElo "1988"]
[BlackElo "1712"]
[PlyCount "71"]
[EventDate "2017.04.20"]

1. e4 c5 2. Nf3 g6 3. c3 Bg7 4. d4 cxd4 5. cxd4 d5 6. e5 e6 7. Nc3 Nh6 8. Be2
Nc6 9. Bf4 Nf5 10. Qd2 Bd7 11. h4 h6 12. g4 Nxh4 13. Rxh4 g5 14. Nxg5 hxg5 15.
Bxg5 Ne7 16. Rxh8+ Bxh8 17. Nb5 Bxb5 18. Bxb5+ Kf8 19. Bf6 Bxf6 20. exf6 Nc6
21. Bxc6 bxc6 22. g5 Ke8 23. O-O-O Kd7 24. Kb1 Rb8 25. Qc3 Qg8 26. Qc5 Rb7 27.
Rc1 Rc7 28. f4 Qg6+ 29. Ka1 Qe4 30. Qf8 Qh7 31. a3 a6 32. Rc5 Qh5 33. Rc1 Qh7
34. Rc3 Rb7 35. Qe7+ Kc8 36. Qe8+ 1-0

[Event "Ì17Ï"]
[Site "Loo"]
[Date "2017.04.25"]
[Round "6.26"]
[White "Ëèïèëèí, Èëüÿ."]
[Black "Ôîìè÷åâ, Èëüÿ."]
[Result "1-0"]
[WhiteElo "1951"]
[BlackElo "1648"]
[PlyCount "42"]
[EventDate "2017.04.20"]

1. d4 d5 2. c4 e6 3. Nc3 Nf6 4. cxd5 exd5 5. Bg5 Nbd7 6. e3 Be7 7. Bd3 O-O 8.
Nf3 Re8 9. O-O c6 10. Qc2 Nf8 11. Rfb1 Ne4 12. Bxe7 Qxe7 13. b4 a6 14. a4 Ng6
15. b5 axb5 16. axb5 Rxa1 17. Rxa1 Bg4 18. Bxe4 dxe4 19. Nd2 f5 20. bxc6 bxc6
21. Qa2+ Kh8 {äàëåå çàïèñü íåðàçáîð~~èâà} 1-0

[Event "Ì17Ï"]
[Site "Loo"]
[Date "2017.04.25"]
[Round "6.27"]
[White "Ãîãè÷åâ, Ãåîðãèé."]
[Black "Ìàìîøèí, Îëåã."]
[Result "1-0"]
[WhiteElo "1869"]
[BlackElo "1668"]
[PlyCount "69"]
[EventDate "2017.04.20"]

1. Nf3 d5 2. d4 Bf5 3. c4 c6 4. Nc3 e6 5. e3 Nf6 6. Be2 Bd6 7. O-O O-O 8. b3
Nbd7 9. Bb2 Ne4 10. Nxe4 Bxe4 11. Bd3 f5 12. Ne5 Bxd3 13. Qxd3 Qc7 14. f4 Nf6
15. Rac1 Qe7 16. Rc2 Rfc8 17. Rfc1 Qe8 18. Qe2 g6 19. h3 h5 20. Nd3 Ne4 21. Qf3
Rc7 22. g4 Rg7 23. Rg2 Rc8 24. Ne5 Rcc7 25. Kh2 Kh7 26. cxd5 cxd5 27. Rxc7 Bxc7
28. gxf5 gxf5 29. Rxg7+ Kxg7 30. Qg2+ Kh7 31. Ba3 Qg8 32. Qf3 Kh6 33. Bb4 a6
34. Nd7 Qg7 35. Bf8 1-0

[Event "Ì17Ï"]
[Site "Loo"]
[Date "2017.04.25"]
[Round "6.28"]
[White "Âîëêîâ, Ãðèãîðèé."]
[Black "Ëèòâèíîâ, Àíòîí."]
[Result "1/2-1/2"]
[WhiteElo "1651"]
[BlackElo "1866"]
[PlyCount "43"]
[EventDate "2017.04.20"]

1. e4 c5 2. Nf3 d6 3. d4 cxd4 4. Nxd4 Nf6 5. Nc3 g6 6. Be3 Bg7 7. f3 O-O 8. Qd2
Nc6 9. g4 Nxd4 10. Bxd4 Be6 11. h4 h5 12. Bxf6 Bxf6 13. gxh5 Rc8 14. hxg6 Bxc3
15. gxf7+ Rxf7 16. bxc3 Qa5 17. Rg1+ Kh7 18. f4 Qxc3 19. Qxc3 Rxc3 20. f5 Bd7
21. Kd2 Ra3 22. Rg5 {äàëåå çàïèñü íåðàçáîð~~èâà} 1/2-1/2

[Event "Ì17Ï"]
[Site "Loo"]
[Date "2017.04.25"]
[Round "6.29"]
[White "Ìóðàâüåâ, Ìàêñèì."]
[Black "Ãåòüìàí, Äìèòðèé."]
[Result "0-1"]
[WhiteElo "1546"]
[BlackElo "1863"]
[PlyCount "72"]
[EventDate "2017.04.20"]

1. e4 e6 2. d4 d5 3. exd5 exd5 4. Nf3 Nf6 5. c4 c6 6. Nc3 Be7 7. cxd5 cxd5 8.
Bd3 O-O 9. O-O Nc6 10. Be3 Bg4 11. h3 Bh5 12. Ne2 Bxf3 13. gxf3 Qd7 14. Kg2 Nh5
15. Ng3 Nxg3 16. fxg3 Bf6 17. Bb5 a6 18. Ba4 b5 19. Bb3 Na5 20. Rc1 Nc4 21.
Bxc4 dxc4 22. Qd2 Rfe8 23. Rf2 Rad8 24. Rd1 Qe6 25. Re2 Bxd4 26. Rde1 Bxe3 27.
Qxe3 Qxe3 28. Rxe3 Rxe3 29. Rxe3 Rd2+ 30. Kf1 Kf8 31. b3 Rxa2 32. bxc4 bxc4 33.
Rc3 Ra4 34. Ke2 Rb4 35. Kf1 Rb3 36. Rxc4 Rxf3+ {äàëåå çàïèñü íåðàçáîð~~èâà} 0-1

[Event "Ì17Ï"]
[Site "Loo"]
[Date "2017.04.25"]
[Round "6.31"]
[White "Åãîðîâ, Àëåêñåé."]
[Black "Öîïàíîâ, Ìèõàèë."]
[Result "1-0"]
[WhiteElo "1776"]
[BlackElo "1586"]
[PlyCount "67"]
[EventDate "2017.04.20"]

1. e4 c6 2. d4 d5 3. e5 c5 4. Nf3 Nc6 5. c3 Bg4 6. Bb5 e6 7. O-O Nge7 8. h3
Bxf3 9. Qxf3 Nf5 10. Rd1 Be7 11. Be3 cxd4 12. cxd4 O-O 13. Bd3 Nxe3 14. fxe3
Rc8 15. Nc3 a6 16. Ne2 Qb6 17. b3 Nb4 18. e4 Nxd3 19. Qxd3 dxe4 20. Qxe4 Rfd8
21. Rac1 Ba3 22. Rxc8 Rxc8 23. Kh1 Qb4 24. Nf4 Rd8 25. Nh5 Qb5 26. Qg4 Bf8 27.
Nf6+ Kh8 28. Nxh7 Be7 29. Ng5 Bxg5 30. Qxg5 Qd5 31. Rd3 Kg8 32. Rg3 g6 33. Rg4
Qd7 34. Qh6 1-0

[Event "Ì17Ï"]
[Site "Loo"]
[Date "2017.04.25"]
[Round "6.32"]
[White "Ãàâðèê, Àëåêñàíäð."]
[Black "Âàùåíêî, Ëåâ."]
[Result "1-0"]
[WhiteElo "1688"]
[BlackElo "1478"]
[PlyCount "62"]
[EventDate "2017.04.20"]

1. e4 e6 2. d4 d5 3. e5 c5 4. c3 Nc6 5. Nf3 Qb6 6. a3 Nh6 7. Bxh6 Qxb2 8. Nbd2
gxh6 9. Qc1 Qxc1+ 10. Rxc1 c4 11. Ra1 Be7 12. Be2 Bd7 13. O-O O-O 14. Rfb1 Rfb8
15. Nf1 b5 16. Ng3 Rb7 17. Nh5 Rab8 18. Ne1 a5 19. Rb2 Bc8 20. Nc2 b4 21. axb4
axb4 22. cxb4 Nxb4 23. Nxb4 Rxb4 24. Rxb4 Rxb4 25. Ra8 Rb1+ 26. Bf1 Rd1 27.
Rxc8+ Bf8 28. f3 Rxd4 29. h3 Rd1 30. Kf2 Rc1 31. f4 Rc3 {
äàëåå çàïèñü íåðàçáîð~~èâà} 1-0

[Event "Ì17Ï"]
[Site "Loo"]
[Date "2017.04.25"]
[Round "6.33"]
[White "Ìóðòàçèí, Ðèôàò."]
[Black "Ìèøèí, Ñàâåëèé."]
[Result "1/2-1/2"]
[WhiteElo "1592"]
[BlackElo "1377"]
[PlyCount "80"]
[EventDate "2017.04.20"]

1. e4 d5 2. exd5 Qxd5 3. d4 c6 4. h3 Nf6 5. Nf3 Bf5 6. Bd3 Bxd3 7. Qxd3 Qa5+ 8.
Bd2 Qc7 9. O-O e6 10. c4 Nbd7 11. Nc3 Be7 12. Rfe1 O-O 13. Rad1 Rfd8 14. Qc2
Nf8 15. Be3 Ng6 16. Bg5 h6 17. Bc1 Bb4 18. a3 Bxc3 19. Qxc3 c5 20. Be3 Ne4 21.
Qc2 cxd4 22. Bxd4 Nd6 23. b3 Nf5 24. Bb2 Rxd1 25. Rxd1 Rd8 26. Rd2 Rxd2 27.
Qxd2 Qd6 28. Qxd6 Nxd6 29. g3 f6 30. Kf1 Kf7 31. Ke2 e5 32. Ke3 Ke6 33. Nd2 b6
34. b4 Nb7 35. Ne4 Nf8 36. Nc3 Ng6 37. Nb5 Nd6 38. Nxd6 Kxd6 39. Ke4 Ke6 40.
Bc3 Ne7 1/2-1/2

[Event "Ì17Ï"]
[Site "Loo"]
[Date "2017.04.25"]
[Round "6.34"]
[White "Ìàòóùàê, Äàíèèë."]
[Black "Ëåîíîâ, Êèðèëë."]
[Result "1-0"]
[WhiteElo "1291"]
[BlackElo "1755"]
[PlyCount "79"]
[EventDate "2017.04.20"]

1. e4 e6 2. d4 d5 3. Nd2 c5 4. Ngf3 Nc6 5. c3 cxd4 6. cxd4 Bb4 7. e5 Qb6 8. a3
Bxd2+ 9. Qxd2 Nge7 10. b4 Bd7 11. Bb2 a6 12. Rc1 h6 13. Bd3 O-O-O 14. a4 Kb8
15. Bc3 Rc8 16. O-O Na7 17. Ra1 Qc7 18. Rfc1 b5 19. axb5 Bxb5 20. Bb2 Qb7 21.
Bxb5 Nxb5 22. Rc5 Rc6 23. Rac1 Rhc8 24. Qf4 Rxc5 25. bxc5 Nc6 26. Qd2 Qc7 27.
Ra1 Kb7 28. Bc3 Ra8 29. Ne1 Kc8 30. Nc2 Qb7 31. Nb4 Nxc3 32. Nxc6 Ne4 33. Qe3
Qxc6 34. h4 Rb8 35. Ra2 Qb5 36. Kh2 Qc4 37. Ra3 Qf1 38. f3 Rb2 39. Qg1 Qxf3 40.
Rxf3 1-0